The brownfields guide (Record no. 106304)
[ view plain ]
| 000 -LEADER | |
|---|---|
| fixed length control field | 00851cam a2200193 4500 |
| 001 - CONTROL NUMBER | |
| control field | L136066 |
| 008 - FIXED-LENGTH DATA ELEMENTS--GENERAL INFORMATION | |
| fixed length control field | 070108n2006 000 0 eng u |
| 035 ## - SYSTEM CONTROL NUMBER | |
| System control number | (Sirsi) u136066 |
| 041 0# - LANGUAGE CODE | |
| Language code of text/sound track or separate title | eng |
| 110 2# - MAIN ENTRY--CORPORATE NAME | |
| Corporate name or jurisdiction name as entry element | English Partnerships |
| 9 (RLIN) | 1764 |
| 245 04 - TITLE STATEMENT | |
| Title | The brownfields guide |
| 260 ## - PUBLICATION, DISTRIBUTION, ETC. | |
| Date of publication, distribution, etc. | 2006 |
| 520 ## - SUMMARY, ETC. | |
| Summary, etc. | Describes how brownfield sites may best be considered for reuse, whilst acknowledging that redevelopment may not always be appropriate. Discusses returning brownfield land to beneficial use, the regulatory framework and a phased approach to brownfield redevelopment. |
| 590 ## - LOCAL NOTE (RLIN) | |
| Local note | KA NTK |
| 651 #4 - SUBJECT ADDED ENTRY--GEOGRAPHIC NAME | |
| Geographic name | England |
| Chronological subdivision | 886- |
| 690 ## - LOCAL SUBJECT ADDED ENTRY--TOPICAL TERM (OCLC, RLIN) | |
| Topical term or geographic name as entry element | BUILDING AND CONSTRUCTION-SUSTAINABLE |
| 856 40 - ELECTRONIC LOCATION AND ACCESS | |
| Uniform Resource Identifier | <a href="https://www.englishpartnerships.co.uk/publications.htm#programmesandprojects">https://www.englishpartnerships.co.uk/publications.htm#programmesandprojects</a> |
| Public note | View the item free of charge at www.englishpartnerships.co.uk... |
| 942 ## - ADDED ENTRY ELEMENTS (KOHA) | |
| Suppress in OPAC | 0 |
| Withdrawn status | Lost status | Source of classification or shelving scheme | Damaged status | Not for loan | Home library | Current library | Shelving location | Date acquired | Total Checkouts | Full call number | Barcode | Date last seen | Copy number | Price effective from | Koha item type |
|---|---|---|---|---|---|---|---|---|---|---|---|---|---|---|---|
| Dewey Decimal Classification | Virtual | Virtual | Online | 08/01/2007 | ONLINE PUBLICATION | 136066-1001 | 06/08/2019 | 1 | 06/08/2019 | Book |